000 00520nam a2200097Ia 4500
008 170517s9999 xx 000 0 und d
245 _aDying to Sleep
300 _aThis Discovery documentary deals with a very rare and unusual prion disease called Fatal Familial Insomnia or FFI for short. FFI is a prion disease that targets the thalamus, of which of its many functions is the sleep regulator of the body. The prions form aggregates...
650 _xTechnology.
856 _uhttp://topdocumentaryfilms.com/dying-to-sleep/
999 _c335030
_d335030